Legislación ambiental colombiana (Registro nro. 16502)
[ vista simple ]
| 000 -CABECERA | |
|---|---|
| Campo de control | 007710000a22002410004500 |
| 005 - FECHA Y HORA DE LA ULTIMA TRANSACCION | |
| Campo de control | 20191224042158.0 |
| 008 - ELEMENTOS DE LONGITUD FIJA—INFORMACION GENERAL | |
| Campo de control | 170206b xxu||||| |||| 00| 0 spa d |
| 040 ## - FUENTE DE CATALOGACIÓN | |
| Agencia catalogadora original | CO-BoIAVH |
| Agencia transcriptora | CO-BoIAVH |
| 041 ## - IDIOMA | |
| Código de idioma para texto/pista de sonido o título separado | Español |
| 090 ## - CLASIFICACIÓN LOCAL | |
| Colección | MM |
| Consecutivo | 00126 |
| 100 1# - ASIENTO PRINCIPAL--NOMBRE PERSONAL | |
| Nombre personal | González Quiceno, Diego H. |
| 110 1# - ASIENTO PRINCIPAL--NOMBRE CORPORATIVO | |
| Nombre corporativo o de jurisdicción como elemento de entrada | NEOTROPICO - Servicios Ambientales |
| 245 10 - MENCION DE TITULO | |
| Título | Legislación ambiental colombiana |
| 257 ## - PAIS DE LA ENTIDAD PRODUCTORA DE FILMES DE ARCHIVO | |
| País de la entidad productora | Colombia |
| 264 ## - Producción, Publicación, Distribución, Fabricación y Aviso de copyright | |
| Lugar de producción, publicación, etc | Colombia |
| 300 ## - DESCRIPCION FISICA | |
| Otros detalles físicos | CD-ROM |
| Extensión | 1 |
| 500 ## - NOTA GENERAL | |
| Nota general | Requerimientos del sistema: Windows 95, 98/2000 Netscape o Internet Explorer |
| 650 14 - ASIENTO SECUNDARIO DE MATERIA - TERMINO TEMATICO | |
| Término temático o nombre geográfico como elemento de entrada | Legislación ambiental |
| 650 14 - ASIENTO SECUNDARIO DE MATERIA - TERMINO TEMATICO | |
| Término temático o nombre geográfico como elemento de entrada | Normas ambientales |
| 650 14 - ASIENTO SECUNDARIO DE MATERIA - TERMINO TEMATICO | |
| Término temático o nombre geográfico como elemento de entrada | Convenios internacionales |
| 650 14 - ASIENTO SECUNDARIO DE MATERIA - TERMINO TEMATICO | |
| Término temático o nombre geográfico como elemento de entrada | Código nacional de recursos naturales |
| 942 ## - ELEMENTOS ADICIONALES (KOHA) | |
| Tipo de ítem | CD-ROM |
| Sistema de clasificación | Local |
| Withdrawn status | Lost status | Sistema de Clasificación | Damaged status | No para préstamo | Colección | Ubicación Permanente | Ubicación actual | Fecha de adquisición | Fuente de adquisición | Total Checkouts | Número topográfico | Inventario / Código de Barras | Date last seen | Ejemplar | Price effective from | Forma de adquisición | Tipo de material |
|---|---|---|---|---|---|---|---|---|---|---|---|---|---|---|---|---|---|
| Local | Audiovisual | Bogotá | Bogotá | 03/05/2004 | González, Diego | MM-00126 | 018312 | 25/03/2015 | Ej. 1 | 25/03/2015 | Donación | CD-ROM |